000 00442nam a2200169 a 4500
001 3588
005 20140414132033.0
008 040603s19uu xx 00 eng d
050 _aTR
_bSH8 1987
245 _aThe show-and-tell pals.
260 _aU. S. A :
_bWorld Book,
_c1987.
300 _a1 v. (unp.) : ill. ; cm.
440 _aEarly world of learning
650 _aSharing
_xFiction.
650 _aChildren stories.
999 _c113660
_d113660